00737 a2200205 4500999001500000010001400015020002300029035001300052037001500065082001300080100002400093245006800117260004900185270007000234300002600304500003800330700001700368942003200385952011400417 c7908d7908 aENG-88246 a8131302163c695.00 aEN-71779 bDBAD / PUB14a613.70461 aTiwari, Saket Raman1 aTeaching of yoga/cby Saket Raman Tiwari; edited by Y. K. Singh aNew DelhibAPH Publishing Corporatioonc2007 a5, Ansari Road, Darya GanjbNew Delhic110 002maphbooks@vsnl.net ax, 290 p.c21cm (Hb) aincludes bibliographical refrence1 aSingh, Y. K. adplcEN2ddch613.7076mTIW 001040718NFICaDBADbDBADeDBAD/PUBg695.00l0o613.7076 TIWpEN-71779r2008-09-15 00:00:00t1v695.00yEN